000 00606nam a2200217Ia 4500
005 20241216011104.0
008 190212s9999||||xx |||||||||||||| ||und||
082 _a658.3
_bD281
100 _aDUBIN, ROBERT
245 0 _aLAS RELACIONES HUMANAS EN LA ADMINISTRACION
250 _a0
260 _aMEXICO
_bCONTINENTAL S.A.
_c1964
300 _a673 pag
_c23 cm
341 _h0
490 _v0
_a0
505 _aPERSONAL-ADMINISTRATIVO/RELACIONES-ADMINISTRATIVAS
541 _aD
_bJOSE BAZAN CASTILLO
_d30-Nov-93
_oSoles
650 _aCIENCIAS APLICADAS
856 _zCiencias Aplicadas
942 _cLIBRO
999 _c32300
_d32300